Entrepreneurship development / (Record no. 21082)

MARC details
000 -LEADER
fixed length control field 00754nas a2200217 4500
005 - DATE AND TIME OF LATEST TRANSACTION
control field 20080925050328.0
008 - FIXED-LENGTH DATA ELEMENTS--GENERAL INFORMATION
fixed length control field 750824c19479999nyuqr p 0 a0eng d
010 ## - LCCN (DPL NO)
LC control number ENG-92544
020 ## - INTERNATIONAL STANDARD BOOK NUMBER
Terms of availability 60.00
International Standard Book Number 8177355104
035 ## - SYSTEM CONTROL NUMBER
System control number EN-76077
037 ## - SOURCE OF ACQUISITION
Source of stock number/acquisition DBAD / PUB
040 ## - CATALOGING SOURCE
Original cataloging agency dpl
Language of cataloging English
082 ## - DEWEY DECIMAL CLASSIFICATION NUMBER
Classification number 338.04
100 ## - MAIN ENTRY--PERSONAL NAME
Personal name Clement, D.A.V.
245 ## - TITLE STATEMENT
Title Entrepreneurship development /
Statement of responsibility, etc by D.A.V. Clement
260 ## - PUBLICATION, DISTRIBUTION, ETC. (IMPRINT)
Place of publication, distribution, etc Chennai
Name of publisher, distributor, etc Pavai Publications
Date of publication, distribution, etc 2007
300 ## - PHYSICAL DESCRIPTION
Extent 120p.
Dimensions 20cm (pbk)
650 ## - SUBJECT ADDED ENTRY--TOPICAL TERM
Topical term or geographic name as entry element Entrepreneurship.
942 ## - ADDED ENTRY ELEMENTS (KOHA)
Source of classification or shelving scheme Dewey Decimal Classification
Item type English Books
Call number suffix CLE
Classification part 338.04
Holdings
Withdrawn status Lost status Source of classification or shelving scheme Damaged status Not for loan Collection code Home library Current library Date acquired Source of acquisition Cost, normal purchase price Total Checkouts Full call number Barcode Date last seen Copy number Cost, replacement price Koha item type
    Dewey Decimal Classification   Not For Loan Non-fiction D.B.Act.Division D.B.Act.Division 16/01/2009 DBAD / PUB 60.00   338.04 CLE EN-76077 16/01/2009 1 60.00 English Books

© Delhi Public Library
Hit Counter
free hit counter